JOURNAL OF BIOLOGICAL CHEMISTRY (Record no. 11186)
[ view plain ]
| 000 -LEADER | |
|---|---|
| fixed length control field | 00461nam a2200145Ia 4500 |
| 022 ## - INTERNATIONAL STANDARD SERIAL NUMBER | |
| ISSN | 0021-9258 |
| 245 #0 - TITLE STATEMENT | |
| Title | JOURNAL OF BIOLOGICAL CHEMISTRY |
| 260 ## - PUBLICATION, DISTRIBUTION, ETC. (IMPRINT) | |
| Name of publisher | American Society for Biochemistry and Molecular biology, Bethesda |
| Place of publication | USA |
| 310 ## - CURRENT PUBLICATION FREQUENCY | |
| Current publication frequency | 36y |
| 500 ## - GENERAL NOTE | |
| General note | Ending Volume & Year: 265, 1990 |
| 500 ## - GENERAL NOTE | |
| General note | Missing Volume: 257(11);258(1);259(23) |
| 500 ## - GENERAL NOTE | |
| General note | Starting Volume & Year: 253, 1978 |
| 942 ## - ADDED ENTRY ELEMENTS (KOHA) | |
| Koha item type | Bound Journal |
| Withdrawn status | Lost status | Damaged status | Not for loan | Home library | Current library | Date acquired | Accession Number | Koha item type |
|---|---|---|---|---|---|---|---|---|
| Bound journals | RRII Library | RRII Library | 31/12/2021 | 11092J | Bound Journal |